Mary McLeod Bethune /

A simple biography of the black educator who was instrumental in creating opportunities for blacks in education and government.

Bibliographic Details
Main Author: Jones, Amy Robin, 1958-
Format: Book
Language:English
Published: Chanhassen, MN : Child's World, [2001]
Series:Journey to freedom.
Subjects:

MARC

Tag First Indicator Second Indicator Subfields
LEADER 00000cam a2200000 a 4500
001 in00001690657
005 20151024132143.0
008 990811s2001 mnua j b 001 0beng
010 |a  99045336  
019 |a 45112120 
020 |a 1567667228 (lib. bdg. : alk. paper) 
035 |a (OCoLC)ocm42420717 
040 |a DLC  |c DLC  |d OCL  |d TXA  |d UtOrBLW 
042 |a lcac 
043 |a n-us--- 
049 |a TXAM 
050 0 0 |a E185.97.B34  |b J66 2001 
082 0 0 |a 370/.92  |a B  |2 21 
100 1 |a Jones, Amy Robin,  |d 1958- 
245 1 0 |a Mary McLeod Bethune /  |c by Amy Robin Jones. 
264 1 |a Chanhassen, MN :  |b Child's World,  |c [2001] 
264 4 |c ©2001 
300 |a 40 pages :  |b illustrations (1 color) ;  |c 27 cm. 
336 |a text  |b txt  |2 rdacontent 
337 |a unmediated  |b n  |2 rdamedia 
338 |a volume  |b nc  |2 rdacarrier 
490 1 |a Journey to freedom 
504 |a Includes bibliographical references (page 40) and index. 
520 |a A simple biography of the black educator who was instrumental in creating opportunities for blacks in education and government. 
600 1 0 |a Bethune, Mary McLeod,  |d 1875-1955  |v Juvenile literature. 
650 0 |a African American women  |v Biography  |v Juvenile literature. 
650 0 |a African Americans  |v Biography  |v Juvenile literature. 
650 0 |a Teachers  |z United States  |v Juvenile literature. 
650 0 |a African American women civil rights workers  |v Biography  |v Juvenile literature. 
600 1 1 |a Bethune, Mary McLeod,  |d 1875-1955. 
650 1 |a Teachers. 
650 1 |a African Americans  |v Biography. 
650 1 |a Women  |v Biography. 
830 0 |a Journey to freedom. 
948 |a cataloged  |b h  |c 2002/6/7  |d c  |e jspillan  |f 3:29:47 pm 
994 |a E0  |b TXA 
999 |a MARS 
999 f f |s 444daad3-8f6a-3bb9-9c35-ae7aef8d816f  |i a7dad53d-2fae-31b7-bfc3-c220a5588d89  |t 0 
952 f f |p ric  |a Texas A&M University  |b Rellis Campus  |c Joint Library Facility  |d Remote Storage  |t 0  |e E185.97.B34 J66 2001  |h Library of Congress classification  |i unmediated -- volume  |m A14828846370 
998 f f |a E185.97.B34 J66 2001  |t 0  |l Remote Storage